عرض عادي
عرض مارك
- Cryptography
مدخل مصطلح موضوعي
001 - رقم الضبط
- حقل الضبط: 51881
003 - معرف رقم الضبط
- حقل الضبط: OSt
005 - تاريخ ووقت أخر عملية
- حقل الضبط: 20151011184641.0
008 - عناصر بيانات ثابتة الطول
- حقل تحكم ثابت الطول: 151011|| aca||aabn | a|a d
040 ## - مصدر الفهرسة
- هيئة الفهرسة الأصلية: OSt
- وكالة الكتابة: OSt
150 ## - مدخل-- مصطلح تاريخي
- عنصر مدخل المصطلح الموضوعي او الاسم الجغرافي: Cryptography
- تفريع عام: Handbooks, manuals, etc.
670 ## - بيانات المصدر موجوده
- الاستشهاد بالمصدر: Work cat.: (OSt)0: Menezes, A. J. (Alfred J.), 1965- 51879, Handbook of applied cryptography /, c1997.
